000 00442nam a22001577a 4500
003 OSt
008 200711b ||||| |||| 00| 0 eng d
020 _a9789388293754
100 _a Hajare, Ashok. A
245 _aPhysical Pharmaceutics -II
250 _a2019
260 _aN Delhi
_bNirali Prakashan
_c2019
300 _a5.31
650 _aPharmaceutics- Drug Delivery Systems,Pharmaceutical Engineering regularity Science
942 _2ddc
_cBK
999 _c8849
_d8849